| 000 | 00607nam a2200193Ii 4500 | ||
|---|---|---|---|
| 003 | JO-AjNU | ||
| 008 | 230605s9999||||xx |||||||||||||| ||und|| | ||
| 040 |
_aJO-AjNU _bara _erda _cJO-AjNU |
||
| 041 | _aara | ||
| 050 | 1 | 4 | _aQA155 |
| 100 | 3 |
_aمهنا، حسن / م .مشارك عبدة كمال , _eauthor _917194 |
|
| 245 | 0 | 0 | _aالممتاز في الجبر للسنة الاولى الثانوية |
| 264 | 3 | 1 | _a مصر : د.ن، د.ت |
| 300 | _a386ص | ||
| 336 |
_atext _btxt _2rdacontent |
||
| 337 |
_aunmediated _bn _2rdamedia |
||
| 338 |
_avolume _bnc _2rdacarrier |
||
| 650 | 4 |
_aالجبر _917195 |
|
| 999 |
_aA5259 _c8827 _d8827 |
||